| 000 | 01634nam a2200349 a 4500 | ||
|---|---|---|---|
| 001 | BRCA_2036 | ||
| 005 | 20190320203638.0 | ||
| 008 | 310708m19871989sp-a---###---#000-0#spa-# | ||
| 020 | _a8430699511 (Obra completa) | ||
| 050 | 4 |
_aGT2400 _b.A75 1987 |
|
| 100 | 1 |
_aAriès, Philippe _96221 |
|
| 245 | 1 | 0 |
_aHistoria de la vida privada _cbajo la dirección de Philippe Ariès y Georges Duby ; traducción Francisco Pérez Gutiérrez, Javier Arce, Ma. Concepción Martín Montero, Beatriz García, José Luis Checa Cremades. |
| 260 |
_aMadrid _bTaurus _c1987-1989 |
||
| 300 |
_a5 v. _bil. (algunas a color) _c22 cm. |
||
| 500 | _aIncluye índice temático | ||
| 500 | _aTraducción de : Histoire de la vie privée | ||
| 504 | _aIncluye referencias bibliográficas | ||
| 505 | 0 | _aContenido : v.1. Del imperio romano al año mil. -- v.2. De la Europa feudal al renacimiento. -- v.3. Del renacimiento a la ilustración. -- v.4. De la revolución francesa a la primera guerra mundial. -- v.5. De la primera guerra mundial a nuestros días | |
| 650 | 1 | 4 |
_aFamilia _vColecciones _xHistoria _96222 |
| 650 | 1 | 4 |
_aCivilización _vColecciones _xHistoria _96223 |
| 650 | 1 | 4 |
_aUsos y costumbres _vColecciones _96224 |
| 700 | 1 |
_aDuby, Georges _93349 |
|
| 700 | 1 |
_aPérez Gutiérrez, Javier _96225 |
|
| 700 | 1 |
_aArce, Javier _96226 |
|
| 740 | 0 | _aDel imperio romano al año mil | |
| 740 | 0 | _aDe la Europa feudal al renacimiento | |
| 740 | 0 | _aDel renacimiento a la ilustración | |
| 740 | 0 | _aDe la revolución francesa a la primera guerra mundial | |
| 740 | 0 | _aDe la primera guerra mundial a nuestros días | |
| 902 | _aREF | ||
| 942 |
_2lcc _cB |
||
| 999 |
_c1802 _d1802 |
||